Normal view
MARC view
Entry Personal Name
001 - CONTROL NUMBER
- control field: 5603
003 - CONTROL NUMBER IDENTIFIER
- control field: HDC
005 - DATE AND TIME OF LATEST TRANSACTION
- control field: 20230624073217.0
008 - FIXED-LENGTH DATA ELEMENTS
- fixed length control field: 210120|| aca||aabn | a|a d
040 ## - CATALOGING SOURCE
- Original cataloging agency: HDC
- Transcribing agency: HDC
100 ## - HEADING--PERSONAL NAME
- Personal name: Mohiuddin Syed
670 ## - SOURCE DATA FOUND
- Source citation: Work cat.: (HDC): Mohiuddin Syed, author, ATTITUDES TO NEW ZEALAND SHEEP MEAT AND BEEF CONSUMPTION AMONGST MUSLIM CONSUMERS IN NEW ZEALAND: IMPLICATIONS FOR HALAL EXPORTS TO SOUTH-EAST ASIA /, [no year]
